Catálogo
 En Linea

El comercio del dolor: (Registro nro. 53535)

Detalles MARC
000 -CABECERA
campo de control de longitud fija 01196nam a2200313 i 4500
003 - IDENTIFICADOR DEL NÚMERO DE CONTROL
campo de control DO-SdBNP
005 - FECHA Y HORA DE LA ÚLTIMA TRANSACCIÓN
campo de control 20230516112853.0
006 - CÓDIGOS DE INFORMACIÓN DE LONGITUD FIJA--CARACTERÍSTICAS DEL MATERIAL ADICIONAL
campo de control de longitud fija a||||gr|||| 00| 0
007 - CAMPO FIJO DE DESCRIPCIÓN FÍSICA--INFORMACIÓN GENERAL
campo de control de longitud fija ta
008 - DATOS DE LONGITUD FIJA--INFORMACIÓN GENERAL
campo de control de longitud fija 230516t2022 dr a|||gr|||| 001 edspa d
020 ## - NÚMERO INTERNACIONAL ESTÁNDAR DEL LIBRO
Número Internacional Estándar del Libro 9789945141429
040 ## - FUENTE DE LA CATALOGACIÓN
Centro catalogador/agencia de origen DO-SdBNP
Lengua de catalogación spa
Centro/agencia transcriptor BNPHU
Normas de descripción rda
082 #4 - NÚMERO DE LA CLASIFICACIÓN DECIMAL DEWEY
Número de edición 22
Número de documento/Ítem O77c
100 1# - ENTRADA PRINCIPAL--NOMBRE DE PERSONA
9 (RLIN) 74817
Nombre de persona Ortiz Gómez, Altagracia
245 13 - MENCIÓN DE TÍTULO
Título El comercio del dolor:
Resto del título los pacientes se convirtieron en clientes./
Mención de responsabilidad, etc. Altagracia Ortíz Gómez; cuidado de edición y corrección: Leonora Ramírez e Iván Pérez Carrión; ilustraciones: Wilson Morfe
246 10 - FORMA VARIANTE DE TÍTULO
Título propio/Titulo breve El comercio del dolor:
Resto del título ensayo
264 ## - PRODUCCIÓN, PUBLICACIÓN, DISTRIBUCIÓN, FABRICACIÓN Y COPYRIGHT
Producción, publicación, distribución, fabricación y copyright Santo Domingo
Nombre del de productor, editor, distribuidor, fabricante Corripio S.A.S.
Fecha de producción, publicación, distribución, fabricación o copyright 2022
300 ## - DESCRIPCIÓN FÍSICA
Extensión 266 páginas :
Otras características físicas ilustraciones ;
Dimensiones 22 cm
336 ## - TIPO DE CONTENIDO
Fuente rdaconten
Término de tipo de contenido texto
Código de tipo de contenido txt
337 ## - TIPO DE MEDIO
Fuente rdamedia
Nombre/término del tipo de medio sin medición
Código del tipo de medio n
338 ## - TIPO DE SOPORTE
Fuente rdacarrier
Nombre/término del tipo de soporte volumen
Código del tipo de soporte nc
500 ## - NOTA GENERAL
Nota general Incluye datos biográficos de la autora en la solapa de la cubierta.
504 ## - NOTA DE BIBLIOGRAFÍA, ETC.
Nota de bibliografía, etc. Bibliografía: 263 páginas
590 ## - NOTA LOCAL (RLIN)
Nota local Inventariado 2023 / MF
700 1# - PUNTO DE ACCESO ADICIONAL--NOMBRE DE PERSONA
Nombre de persona Ramírez, Leonora,
Término indicativo de función/relación edición
9 (RLIN) 83394
700 1# - PUNTO DE ACCESO ADICIONAL--NOMBRE DE PERSONA
Nombre de persona Pérez Carrión, Ivan,
Término indicativo de función/relación edición
9 (RLIN) 83395
700 1# - PUNTO DE ACCESO ADICIONAL--NOMBRE DE PERSONA
9 (RLIN) 74022
Nombre de persona Morfe, Wilson,
Término indicativo de función/relación ilustraciones
942 ## - ELEMENTOS DE PUNTO DE ACCESO ADICIONAL (KOHA)
Fuente del sistema de clasificación o colocación Dewey Decimal Classification
Tipo de ítem Koha Libro
Existencias
Estado de retiro Estado de pérdida Fuente del sistema de clasificación o colocación Restricciones de uso No para préstamo Código de colección Localización permanente Ubicación/localización actual Ubicación en estantería Fecha de adquisición Fuente de adquisición Signatura topográfica completa Código de barras Fecha visto por última vez Precio válido a partir de Tipo de ítem Koha Nota pública Número de copia
    Dewey Decimal Classification Excluido de préstamo   Patrimonio Dominicano Biblioteca Nacional Pedro Henríquez Ureña Biblioteca Nacional Pedro Henríquez Ureña En catalogación 19.12.2022 Depósito legal O77c 2023-1886 16.05.2023 16.05.2023 Libro Ejemplar autografiado por el autor.  
    Dewey Decimal Classification Excluido de préstamo   Patrimonio Dominicano Biblioteca Nacional Pedro Henríquez Ureña Biblioteca Nacional Pedro Henríquez Ureña En catalogación 19.12.2022 Depósito legal O77c 2023-1887 16.05.2023 16.05.2023 Libro Inventariado 2023 / MF e.2
    Dewey Decimal Classification Préstamo en sala   Dominicana de Servicio Biblioteca Nacional Pedro Henríquez Ureña Biblioteca Nacional Pedro Henríquez Ureña En catalogación 19.12.2022 Depósito legal O77c 2023-1888 16.05.2023 16.05.2023 Libro Inventariado 2023 / MF e.3

Con tecnología Koha